Ecuaciones diferenciales ordinarias: Un enfoque al cálculo numérico

Salvato in:
Dettagli Bibliografici
Autore principale: Roberts, Charles E (Autore)
Natura: Libro
Lingua:spagnolo
Pubblicazione: Madrid Prentice Hall 1980
Soggetti:
Tags: Aggiungi Tag
Nessun Tag, puoi essere il primo ad aggiungerne!!

MARC

LEADER 00000nam a2200000 a 4500
001 UCG1014
003 CL-VaPUC
008 100415e19800000SP |||||||||||||||||spa|d
082 0 4 |a 515.352  |b ROB  |2 21 
100 0 |a Roberts, Charles E  |e author  |9 548745 
245 1 0 |a Ecuaciones diferenciales ordinarias: Un enfoque al cálculo numérico 
300 |a 399 p 
942 |c BK 
945 |d 20100415 00:00:00  |a dcastane 
260 |a Madrid  |b Prentice Hall  |c 1980 
650 7 |a TEOREMAS DE EXISTENCIA  |2 CL-VaPUC  |9 548746 
650 7 |a ECUACIONES DIFERENCIALES LINEALES  |2 CL-VaPUC  |9 270390 
650 0 |a Sistemas lineales   |9 384816 
650 7 |a ESPACIO DE FASES  |2 CL-VaPUC  |9 424708 
583 |a last modification  |c 20100415 00:00:00  |k Rodrigo Vera 
999 |c 340495  |d 340493 
952 |0 0  |1 0  |4 0  |6 515_352000000000000_ROB_1980  |7 0  |8 A  |9 435268  |a BIBCUR  |b BIBCUR  |d 2019-11-22  |i 4648234  |l 3  |m 2  |o 515.352 ROB 1980  |p 4648234  |r 2025-04-22  |s 2025-04-03  |w 2019-11-22  |y BK  |k FIS